| 000 | 00489nam a2200145 i 4500 | ||
|---|---|---|---|
| 001 | 86430 | ||
| 003 | ES-MaACL | ||
| 005 | 20230906175438.0 | ||
| 007 | t| | ||
| 008 | 041210q1909 fr ||||1| fre d | ||
| 100 | 1 |
_aKaspar, Jean-Jacques. _967601 |
|
| 245 | 1 | 0 |
_aPour la révision du procès Ferrer _b: étude juridique, d'après les pièces publiées par le gouvernement espagnol / _cJean-Jacques Kaspar. |
| 260 |
_aParís : _bSchleicher Fréres, _c[1909?] |
||
| 852 |
_aES-MaACL _jT-1340-F-6 |
||
| 999 |
_c86430 _d86430 |
||